01851nam a2200325 a 4500003000500000005001700005007000300022008004100025020002200066040001700088082002700105245015000132264006500282300008100347336002700428337002700455338002800482500001800510504004000528505052700568520016701095534002301262650003701285650002101322650003101343650003301374700004301407700003801450700003701488CHAP20240130140856.0ta231116s2019 sp ado|fr|||| 001 0 spa d a978-84-17640-93-4 aZcCHAPerda00a636.4083bA93 201922000aAvances en porcicultura: bclaves de futuro /ccoordinador Emilio Magallón; José Luis Noguera [y nueve más], ilustrador Jacob Gragera Artal 1aZaragoza, España: bGrupo Asís Biomedia. Servet, c2019 axii,194 páginas:bilustraciones a color, gráficas, tablas, fotografías 2rdacontentatextobtxt 2rdamediaasin mediobn 2rdacarrieravolumenbnc aej.1: consumo aBibliografía: páginas 188 - 1930 a1. Introducción.-- 2. Avances en la mejora genética porcina.-- 3. Big data e inteligencia artificial.-- Nuevos sistemas de producción.-- 4. Nuevos sistemas de producción.-- 5. Avances tecnológicos en granjas de reproducción.-- 6. Gestión y control de cebaderos automáticos.-- 7. La alimentación porcina en el futuro.-- 8. Avances en sanidad y control de enfermedades.-- 9. Economía circular y granjas con eficiencia energética.-- 10. Gestión de personal en las granjas del futuro.-- Bibliografía. aEsta obra muestra los avances tecnológicos y de gestión que se están desarrollando en las explotaciones porcinas con el objetivo de optimizar su eficiencia. pTítulo original:10aCerdos x Cría y explotación17aGranjas porcinas13aAdopción de innovaciones13aTecnología de producción1 aMagallón Botaya, Emilioecoordinador1 aNoguera, José Luisecolaborador1 aGragera Artal, Jacobeilustrador